Vývoj príspevkov z podielu zaplatenej dane vo vybraných druhoch neziskových účtovných jednotiek
Objekt skúmania sú vybrané druhy účtovných jednotiek ako prijímatelia podielu zaplatenej dane. Cieľom je je poukázanie na dôležitosť a osobitosť tohto zdroja financovania na finančné zdravie daných subjektov.
Salvato in:
| Autore principale: | |
|---|---|
| Natura: | Capitolo di libro |
| Lingua: | slovacco |
| Soggetti: | |
| Tags: |
Nessun Tag, puoi essere il primo ad aggiungerne!!
|
MARC
| LEADER | 00000naa$a2200000$$$4500 | ||
|---|---|---|---|
| 001 | 0280331 | ||
| 005 | 20240502074341.9 | ||
| 041 | 0 | |a slo | |
| 044 | |a SK | ||
| 245 | 1 | 0 | |a Vývoj príspevkov z podielu zaplatenej dane vo vybraných druhoch neziskových účtovných jednotiek |c Alena Kordošová |
| 520 | |a Objekt skúmania sú vybrané druhy účtovných jednotiek ako prijímatelia podielu zaplatenej dane. Cieľom je je poukázanie na dôležitosť a osobitosť tohto zdroja financovania na finančné zdravie daných subjektov. | ||
| 610 | 2 | 0 | |a dane |
| 610 | 2 | 0 | |a organizácie neziskové |
| 610 | 2 | 0 | |a charita |
| 610 | 2 | 0 | |a združenia občianske |
| 100 | 1 | |a Kordošová, Alena, 1970- | |